| 000 | 00766nam a2200217Ia 4500 | ||
|---|---|---|---|
| 005 | 20250507130401.0 | ||
| 008 | 008 250505s9999 xx 000 0 eng d | ||
| 020 | _a1920188075609 | ||
| 037 | _aAnnuals, Advances | ||
| 040 |
_aEASL _beng _cEASL |
||
| 041 |
_aeng _2eng |
||
| 084 |
_aQ4:427.42, P1 _qEASL |
||
| 100 | _aJaffe Richard M | ||
| 245 | 0 | _aNeither monk nor layman: Clerical marriage in modern Japanese Buddhism | |
| 260 |
_aUSA _bPrinceton Princeton University of Hawaii _c2001 |
||
| 300 | _a288p. | ||
| 490 | _aBuddhism:A Princeton University Press Series | ||
| 650 |
_aPriests-Buddhist -marriage-Japan; Marriage- Religious Aspects-Buddhism; JEL _9755308 |
||
| 942 |
_cTEXL _hQ4:427.42, P1 |
||
| 999 |
_c1319382 _d1319382 |
||